Sebepřijetí jako základ duševní a duchovní zralosti člověka a jeho místo ve výchově : diplomová práce Silvie Mužíková ; vedoucí práce: PhDr. ThDr. Mireia Ryšková
Record details
- Physical Description: 50 s.
- Publisher: Praha JABOK - Vyšší sociálně pedagogická a teologická škola 1996
Content descriptions
| Bibliography, etc. Note: | bibliogr. s. 50 |
Available copies
- 1 of 1 copy available at Common Catalog SPOK.
Holds
- 0 current holds with 1 total copy.
Show Only Available Copies
| Location | Call Number / Copy Notes | Barcode | Shelving Location | Status | Due Date |
|---|---|---|---|---|---|
| Jabok Library | ABP-0012 | 424480001911 | Absolventské práce | Reference | - |
| LDR | 00822ntm a22 a 4500 | ||
|---|---|---|---|
| 001 | 11377 | ||
| 003 | CZ-PrJAB | ||
| 005 | 20020430000000.0 | ||
| 008 | 980210s1996 xr e |||| |cze | ||
| 009 | cz | ||
| 035 | . | ‡a(CONS)11377 | |
| 035 | . | ‡aKPS0004282 | |
| 040 | . | ‡a | |
| 041 | 0 | . | ‡acze |
| 100 | 1 | 1. | ‡72524 ‡aMužíková, Sylvie |
| 110 | 2. | ‡aJABOK - Vyšší sociálně pedagogická a teologická škola ‡bPraha | |
| 245 | 1 | . | ‡aSebepřijetí jako základ duševní a duchovní zralosti člověka a jeho místo ve výchově : ‡bdiplomová práce ‡cSilvie Mužíková ; vedoucí práce: PhDr. ThDr. Mireia Ryšková |
| 260 | . | ‡aPraha ‡bJABOK - Vyšší sociálně pedagogická a teologická škola ‡bPraha ‡c1996 | |
| 300 | . | ‡a50 s. | |
| 504 | . | ‡abibliogr. s. 50 | |
| 653 | . | ‡asebepřijetí ‡azrání osobnosti ‡avýchovný proces ‡azralost psychická ‡azralost duchovní | |
| 700 | 1 | 1. | ‡aRyšková, Mireia |
| 999 | . | ‡a12-d ‡c12-d ‡i424480001911 ‡l ‡tP | |
| 910 | . | ‡aABG312 | |
| 901 | . | ‡a11377 ‡bUnknown ‡c11377 ‡tbiblio | |